[Event "Kent Oliver mem"]
[Site "Winnipeg CAN"]
[Date "1999.01.09"]
[Round "3"]
[White "Gannon, Keith"]
[Black "Wierda, John"]
[Result "1/2-1/2"]
[WhiteElo "1658"]
[BlackElo "1814"]
[PlyCount "82"]
[GameId "2160767911805839"]
[EventDate "1999.01.08"]
[EventType "swiss"]
[EventRounds "5"]
[EventCountry "CAN"]

1. e4 e6 2. d4 d5 3. Nc3 Bb4 4. e5 c5 5. Bb5+ Bd7 6. Bxd7+ Qxd7 7. Nf3 Nc6 8. a3 Bxc3+ 9. bxc3 c4 10. O-O f5 11. exf6 Nxf6 12. Re1 O-O 13. Ne5 Nxe5 14. dxe5 Ne8 15. Re4 Rf7 16. Rf4 b6 17. Qf3 Nc7 18. Rxf7 Qxf7 19. Qxf7+ Kxf7 20. a4 h6 21. f4 a5 22. Be3 Rb8 23. Rb1 Na8 24. g3 Ke8 25. h4 Kd7 26. Bc5 Kc6 27. Bd6 Rb7 28. Rb5 Nc7 29. Bxc7 Rxc7 30. Kf2 g5 31. hxg5 hxg5 32. Ke3 Rf7 33. Kf3 Rg7 34. Ke3 gxf4+ 35. gxf4 Rg3+ 36. Kd4 Rf3 37. f5 Rxf5 38. Rb1 Rf2 39. Rc1 Re2 40. Re1 Rxc2 41. Re2 Rc1 1/2-1/2

[Event "Kent Oliver mem"]
[Site "Winnipeg CAN"]
[Date "1999.01.09"]
[Round "3"]
[White "Khedkar, Jay"]
[Black "Xia, Yanchong"]
[Result "1/2-1/2"]
[WhiteElo "1919"]
[BlackElo "1409"]
[PlyCount "62"]
[GameId "2160767911805840"]
[EventDate "1999.01.08"]
[EventType "swiss"]
[EventRounds "5"]
[EventCountry "CAN"]

1. e4 c5 2. Nf3 Nc6 3. d4 cxd4 4. Nxd4 Nf6 5. Nc3 e5 6. Ndb5 d6 7. Nd5 Nxd5 8. exd5 Nb8 9. c4 a6 10. Nc3 Be7 11. Be2 O-O 12. f4 Nd7 13. f5 Nf6 14. O-O Bd7 15. Be3 Qa5 16. g4 h6 17. Qd2 Nh7 18. Rf3 Bg5 19. Raf1 Bxe3+ 20. Qxe3 f6 21. h4 Rfc8 22. Ne4 Qc7 23. Qb3 b5 24. Qb4 Qb6+ 25. R3f2 Qe3 26. Bf3 Rxc4 27. Qxd6 Rxe4 28. Qxd7 Rf4 29. Qe6+ Kf8 30. Kg2 Re8 31. Qd6+ Kf7 1/2-1/2

[Event "Kent Oliver mem"]
[Site "Winnipeg CAN"]
[Date "1999.01.09"]
[Round "3"]
[White "Pottinger, Carl"]
[Black "Shpan, Mike"]
[Result "0-1"]
[WhiteElo "1389"]
[BlackElo "1752"]
[PlyCount "82"]
[GameId "2160767911805841"]
[EventDate "1999.01.08"]
[EventType "swiss"]
[EventRounds "5"]
[EventCountry "CAN"]

1. e4 Nf6 2. Nc3 e5 3. d3 Bb4 4. Bd2 d5 5. exd5 Nxd5 6. Nxd5 Bxd2+ 7. Qxd2 Qxd5 8. O-O-O Be6 9. b3 Nc6 10. Nf3 h6 11. h3 O-O-O 12. c4 Qc5 13. Qb2 f6 14. Ne1 Rd6 15. g4 Rhd8 16. Bg2 Bd5 17. Bxd5 Rxd5 18. Kb1 Rd4 19. a3 a5 20. Rc1 e4 21. Ka2 exd3 22. Nf3 Rf4 23. Nd2 Rxf2 24. Rhe1 Ne5 25. Rf1 Nf3 26. Rcd1 Qe3 27. Rxf2 Qxf2 28. Rf1 Qxd2 29. Qxd2 Nxd2 30. Rd1 Nf3 31. Kb2 c5 32. Kc3 Ne5 33. b4 axb4+ 34. axb4 b6 35. bxc5 bxc5 36. Kd2 Nxc4+ 37. Kc3 Ne5 38. Kd2 Kc7 39. Ra1 Kb6 40. Rb1+ Kc6 41. Ra1 Kd5 0-1

[Event "Kent Oliver mem"]
[Site "Winnipeg CAN"]
[Date "1999.01.09"]
[Round "3"]
[White "Richards, Gwyn"]
[Black "Ott, Richard"]
[Result "1/2-1/2"]
[WhiteElo "1677"]
[BlackElo "1441"]
[PlyCount "55"]
[GameId "2160767911805842"]
[EventDate "1999.01.08"]
[EventType "swiss"]
[EventRounds "5"]
[EventCountry "CAN"]

1. e4 c5 2. c3 e6 3. d4 d5 4. exd5 Qxd5 5. Nf3 Nf6 6. Be2 Be7 7. O-O O-O 8. c4 Qd8 9. Nc3 cxd4 10. Qxd4 Nc6 11. Qd1 b6 12. Qc2 Bb7 13. Bf4 Qe8 14. Rad1 Rd8 15. Rxd8 Bxd8 16. a3 e5 17. Be3 Ng4 18. Ng5 Bxg5 19. Bxg5 Nd4 20. Qd1 Nxe2+ 21. Qxe2 f5 22. Nb5 Qg6 23. f3 Qxg5 24. fxg4 fxg4 25. Rxf8+ Kxf8 26. Qf1+ Ke7 27. Nxa7 Qe3+ 28. Kh1 1/2-1/2

[Event "Kent Oliver mem"]
[Site "Winnipeg CAN"]
[Date "1999.01.10"]
[Round "3"]
[White "Gentes, Kevin"]
[Black "Gibbons, Michael"]
[Result "1-0"]
[WhiteElo "2387"]
[BlackElo "2071"]
[PlyCount "23"]
[GameId "2160767911805843"]
[EventDate "1999.01.08"]
[EventType "swiss"]
[EventRounds "5"]
[EventCountry "CAN"]

1. d4 Nc6 2. Nf3 e6 3. c4 Nf6 4. a3 b6 5. Nc3 d5 6. cxd5 exd5 7. Bg5 Ne7 8. e3 Bg4 9. h3 Bh5 10. Qa4+ Nd7 11. Nxd5 f6 12. Bxf6 1-0

[Event "Kent Oliver mem"]
[Site "Winnipeg CAN"]
[Date "1999.01.10"]
[Round "3"]
[White "Kaptsan, Aron"]
[Black "Hassain, Mahmud"]
[Result "1-0"]
[WhiteElo "2181"]
[BlackElo "1916"]
[PlyCount "59"]
[GameId "2160767911805844"]
[EventDate "1999.01.08"]
[EventType "swiss"]
[EventRounds "5"]
[EventCountry "CAN"]

1. d4 Nf6 2. Nf3 g6 3. g3 Bg7 4. Bg2 c5 5. d5 O-O 6. O-O d6 7. c4 Nbd7 8. Nc3 Ng4 9. Qc2 a6 10. h3 Nh6 11. e4 f5 12. Bg5 fxe4 13. Nxe4 Nf7 14. Be3 b5 15. cxb5 axb5 16. a3 Rb8 17. Rad1 b4 18. axb4 Rxb4 19. Nc3 Nde5 20. g4 Nxf3+ 21. Bxf3 Ne5 22. Be4 Ba6 23. f4 Bxf1 24. Rxf1 Nc4 25. Bc1 Qb6 26. f5 Nxb2 27. fxg6 Rxf1+ 28. Kxf1 hxg6 29. Bxg6 Rb3 30. Qf5 1-0

[Event "Kent Oliver mem"]
[Site "Winnipeg CAN"]
[Date "1999.01.10"]
[Round "3"]
[White "Lukic, Luka"]
[Black "Nikouline, Alexandre"]
[Result "1/2-1/2"]
[WhiteElo "1900"]
[BlackElo "2140"]
[PlyCount "98"]
[GameId "2160767911805845"]
[EventDate "1999.01.08"]
[EventType "swiss"]
[EventRounds "5"]
[EventCountry "CAN"]

1. d4 Nf6 2. c4 e6 3. Nc3 Bb4 4. e3 b6 5. Nge2 Ne4 6. Qc2 Bb7 7. a3 Nxc3 8. Nxc3 Bxc3+ 9. Qxc3 O-O 10. b3 d5 11. Bb2 Nd7 12. Rc1 Rc8 13. c5 c6 14. Bd3 Qg5 15. O-O f5 16. cxb6 axb6 17. Qd2 Rf6 18. f3 Rh6 19. Qe2 c5 20. Bb5 Bc6 21. Bxc6 Rxc6 22. Rc2 f4 23. exf4 Qxf4 24. g3 Qc7 25. Rfc1 Rg6 26. dxc5 bxc5 27. Bd4 e5 28. Bf2 d4 29. b4 cxb4 30. axb4 Rxc2 31. Rxc2 Rc6 32. Rxc6 Qxc6 33. Qa2+ Kf8 34. Qa3 Qb5 35. Qa5 Qxa5 36. bxa5 Nb8 37. Kf1 Ke7 38. f4 Ke6 39. Ke2 exf4 40. Bxd4 fxg3 41. hxg3 g6 42. Kf3 Kd5 43. g4 Ke6 44. g5 Kf5 45. Be3 Na6 46. Bd2 Ke5 47. Ke3 Kd5 48. Kf4 Nc5 49. Ke3 Ne6 1/2-1/2

[Event "Kent Oliver mem"]
[Site "Winnipeg CAN"]
[Date "1999.01.10"]
[Round "3"]
[White "Schulz, Waldemar"]
[Black "Rasmussen, Barry"]
[Result "0-1"]
[WhiteElo "2085"]
[BlackElo "2259"]
[PlyCount "48"]
[GameId "2160767911805846"]
[EventDate "1999.01.08"]
[EventType "swiss"]
[EventRounds "5"]
[EventCountry "CAN"]

1. Nf3 d5 2. g3 Nf6 3. Bg2 c6 4. O-O Bg4 5. Ne5 Bh5 6. d4 Nbd7 7. c4 e6 8. Bg5 Be7 9. cxd5 cxd5 10. Nxd7 Qxd7 11. Nc3 O-O 12. Rc1 Rac8 13. Qd2 b5 14. a3 h6 15. Bxf6 Bxf6 16. e3 Be7 17. Ne2 Bxe2 18. Qxe2 Rc4 19. Rxc4 bxc4 20. Rc1 f5 21. Rc2 Rb8 22. Bh3 Rb3 23. Qf1 Qb7 24. Qc1 Bxa3 0-1

[Event "Kent Oliver mem"]
[Site "Winnipeg CAN"]
[Date "1999.01.10"]
[Round "4"]
[White "Charter, Bennet"]
[Black "Roque, Rodolfo"]
[Result "0-1"]
[WhiteElo "1568"]
[BlackElo "1997"]
[PlyCount "50"]
[GameId "2160767911805847"]
[EventDate "1999.01.08"]
[EventType "swiss"]
[EventRounds "5"]
[EventCountry "CAN"]

1. e4 c5 2. Nf3 e6 3. d4 cxd4 4. Nxd4 e5 5. Nb5 d6 6. N1c3 a6 7. Na3 Nf6 8. Bg5 Be6 9. Nc4 Qc7 10. b3 Nbd7 11. Qd2 b5 12. Ne3 Rc8 13. Bd3 Qxc3 14. Qxc3 Rxc3 15. O-O h6 16. Bh4 Be7 17. Rac1 O-O 18. f3 Rfc8 19. Bf2 d5 20. exd5 Nxd5 21. Nxd5 Bxd5 22. Rfd1 Be6 23. Be1 R3c7 24. Ba5 Bc5+ 25. Kh1 Bb6 0-1

[Event "Kent Oliver mem"]
[Site "Winnipeg CAN"]
[Date "1999.01.10"]
[Round "4"]
[White "Gibbons, Michael"]
[Black "Lukic, Luka"]
[Result "1-0"]
[WhiteElo "2071"]
[BlackElo "1900"]
[PlyCount "83"]
[GameId "2160767911805848"]
[EventDate "1999.01.08"]
[EventType "swiss"]
[EventRounds "5"]
[EventCountry "CAN"]

1. Nf3 d5 2. b3 Bf5 3. Ba3 h6 4. e3 Nd7 5. d4 Ngf6 6. Bd3 Bxd3 7. cxd3 e6 8. Bxf8 Nxf8 9. Ne5 N8d7 10. b4 c6 11. Nd2 Qb6 12. Qb3 O-O 13. O-O Rac8 14. Ndf3 a6 15. a4 Rc7 16. Rfb1 Ra8 17. Nxd7 Nxd7 18. Ne5 Nxe5 19. dxe5 a5 20. Qc3 axb4 21. Rxb4 Qa5 22. d4 Rac8 23. Qc5 Qxc5 24. dxc5 Ra8 25. a5 Ra6 26. Kf1 Ra7 27. Ke2 Rc8 28. Rb6 Kf8 29. Kd3 Ke8 30. Kc3 Kd7 31. a6 Kc7 32. axb7 Rxb7 33. Raa6 Rcb8 34. Rxc6+ Kd7 35. Rd6+ Ke7 36. Rab6 Rxb6 37. cxb6 Ra8 38. Kb4 g5 39. b7 Rb8 40. Rb6 Kd7 41. Ka5 Kc7 42. Ka6 1-0

[Event "Kent Oliver mem"]
[Site "Winnipeg CAN"]
[Date "1999.01.10"]
[Round "4"]
[White "Hassain, Mahmud"]
[Black "Andersen, Sune"]
[Result "1/2-1/2"]
[WhiteElo "1916"]
[BlackElo "2065"]
[PlyCount "70"]
[GameId "2160767911805849"]
[EventDate "1999.01.08"]
[EventType "swiss"]
[EventRounds "5"]
[EventCountry "CAN"]

1. e4 c5 2. Nf3 d6 3. d4 cxd4 4. Nxd4 g6 5. Nc3 Bg7 6. Be3 Nc6 7. Qd2 Nf6 8. f3 O-O 9. Bc4 Bd7 10. O-O-O Rc8 11. Bb3 Ne5 12. Bg5 a6 13. f4 Nc6 14. e5 dxe5 15. Nxc6 Bxc6 16. Qe2 Qa5 17. fxe5 Nd7 18. Nd5 Bxd5 19. Rxd5 Nc5 20. Kb1 e6 21. Bd2 Qc7 22. Rxc5 Qxc5 23. Bc3 b5 24. a3 Rfd8 25. h4 Ra8 26. h5 a5 27. hxg6 hxg6 28. Rf1 b4 29. Qg4 bxc3 30. Bxe6 Qe7 31. Rxf7 Qxf7 32. Qxg6 Qxe6 33. Qxe6+ Kf8 34. Qf5+ Ke8 35. Qe6+ Kf8 1/2-1/2

[Event "Kent Oliver mem"]
[Site "Winnipeg CAN"]
[Date "1999.01.10"]
[Round "4"]
[White "Kaptsan, Aron"]
[Black "Gentes, Kevin"]
[Result "1/2-1/2"]
[WhiteElo "2181"]
[BlackElo "2387"]
[PlyCount "40"]
[GameId "2160767911805850"]
[EventDate "1999.01.08"]
[EventType "swiss"]
[EventRounds "5"]
[EventCountry "CAN"]

1. d4 d5 2. c4 e6 3. Nc3 c5 4. cxd5 exd5 5. Nf3 Nc6 6. e3 Nf6 7. Be2 Bd6 8. O-O O-O 9. dxc5 Bxc5 10. a3 a6 11. b4 Ba7 12. b5 axb5 13. Nxb5 Bb8 14. Bb2 Ne4 15. Rc1 Re8 16. h3 Re6 17. Bd3 Qd7 18. Bxe4 dxe4 19. Qxd7 Bxd7 20. Rfd1 Re7 1/2-1/2

[Event "Kent Oliver mem"]
[Site "Winnipeg CAN"]
[Date "1999.01.10"]
[Round "4"]
[White "Lauritson, Jim"]
[Black "Gibson, Kris"]
[Result "1-0"]
[WhiteElo "2016"]
[BlackElo "1721"]
[PlyCount "47"]
[GameId "2160767911805851"]
[EventDate "1999.01.08"]
[EventType "swiss"]
[EventRounds "5"]
[EventCountry "CAN"]

1. e4 c5 2. Nf3 e6 3. d4 cxd4 4. Nxd4 a6 5. Bd3 Nc6 6. Be3 Nf6 7. a4 Qa5+ 8. c3 Ne5 9. O-O Nxd3 10. Qxd3 Ng4 11. Nd2 Qc7 12. f4 g5 13. e5 Nxe3 14. Qxe3 gxf4 15. Qxf4 d6 16. N2f3 dxe5 17. Nxe5 f5 18. Rae1 Bd6 19. Nxf5 Rf8 20. Nxd6+ Qxd6 21. Qg5 Rxf1+ 22. Rxf1 Qb6+ 23. Kh1 Qxb2 24. Qg8+ 1-0

[Event "Kent Oliver mem"]
[Site "Winnipeg CAN"]
[Date "1999.01.10"]
[Round "4"]
[White "Nikouline, Alexandre"]
[Black "Schulz, Manfred"]
[Result "1-0"]
[WhiteElo "2140"]
[BlackElo "1957"]
[PlyCount "82"]
[GameId "2160767911805852"]
[EventDate "1999.01.08"]
[EventType "swiss"]
[EventRounds "5"]
[EventCountry "CAN"]

1. e4 c6 2. d4 d5 3. e5 Na6 4. Nc3 Nc7 5. Bd3 g6 6. Be3 Nh6 7. f3 Nf5 8. Bxf5 Bxf5 9. Nge2 Rc8 10. g4 Bd7 11. Qd2 h5 12. gxh5 Rxh5 13. Ng3 Rh3 14. Bg5 Ne6 15. Be3 Qb6 16. O-O-O Kd8 17. Kb1 Kc7 18. Nce2 Kb8 19. c4 Bg7 20. Nc3 Qa5 21. c5 Rch8 22. Qf2 Nc7 23. Nce2 Ne6 24. f4 Nf8 25. Ng1 R3h7 26. f5 gxf5 27. Nxf5 Bxf5+ 28. Qxf5 e6 29. Qxf7 Bxe5 30. Qe8+ Kc7 31. Bg5 Rd7 32. dxe5 Qxc5 33. Nf3 d4 34. Nxd4 Qxe5 35. Bd8+ Rxd8 36. Qxd8+ Kxd8 37. Nxc6+ Kc7 38. Nxe5 Rh5 39. Rde1 Kd6 40. Nc4+ Kd5 41. b3 b5 1-0

[Event "Kent Oliver mem"]
[Site "Winnipeg CAN"]
[Date "1999.01.10"]
[Round "4"]
[White "Repa, Jason"]
[Black "Schulz, Waldemar"]
[Result "0-1"]
[WhiteElo "1913"]
[BlackElo "2085"]
[PlyCount "58"]
[GameId "2160767911805853"]
[EventDate "1999.01.08"]
[EventType "swiss"]
[EventRounds "5"]
[EventCountry "CAN"]

1. f4 g6 2. d4 d5 3. e3 Bg7 4. b3 Nf6 5. Nf3 c5 6. Bb5+ Bd7 7. Bxd7+ Nbxd7 8. O-O Ne4 9. a4 Ndf6 10. Bb2 Ng4 11. Qe1 h5 12. Nbd2 Nd6 13. h3 Nh6 14. Nh4 e6 15. Ndf3 Rc8 16. Rc1 Ne4 17. c4 O-O 18. Ne5 Bf6 19. Nhf3 Nf5 20. Kh2 h4 21. Ng4 Bg7 22. Nf2 Neg3 23. Rg1 cxd4 24. e4 dxe4 25. Nxe4 Qb6 26. Ned2 Qc7 27. Ne5 Nh5 28. Ndf3 Nxf4 29. Nxd4 Nxd4 0-1

[Event "Kent Oliver mem"]
[Site "Winnipeg CAN"]
[Date "1999.01.10"]
[Round "4"]
[White "Xia, Yanchong"]
[Black "Gushuliak, Justin"]
[Result "0-1"]
[WhiteElo "1441"]
[BlackElo "2015"]
[PlyCount "48"]
[GameId "2160767911805854"]
[EventDate "1999.01.08"]
[EventType "swiss"]
[EventRounds "5"]
[EventCountry "CAN"]

1. e4 c5 2. Nf3 Nc6 3. d4 cxd4 4. Nxd4 Nf6 5. Nc3 d6 6. Bg5 e6 7. Qd2 a6 8. O-O-O h6 9. Be3 Bd7 10. f3 Qc7 11. Bc4 Ne5 12. Bb3 b5 13. Kb1 Nc4 14. Bxc4 bxc4 15. Nde2 Rb8 16. Ka1 Be7 17. g4 Bc6 18. Ng3 Nd7 19. h4 Ne5 20. Qf2 Qa5 21. a3 d5 22. Bf4 Bxa3 23. Bxe5 Bxb2+ 24. Kb1 Qa1# 0-1

[Event "Kent Oliver mem"]
[Site "Winnipeg CAN"]
[Date "1999.01.10"]
[Round "5"]
[White "Gentes, Kevin"]
[Black "Rasmussen, Barry"]
[Result "1/2-1/2"]
[WhiteElo "2387"]
[BlackElo "2259"]
[PlyCount "72"]
[GameId "2160767911805855"]
[EventDate "1999.01.08"]
[EventType "swiss"]
[EventRounds "5"]
[EventCountry "CAN"]

1. Nf3 d5 2. g3 Nf6 3. Bg2 c6 4. b3 g6 5. Bb2 Bg7 6. O-O O-O 7. d3 Nbd7 8. c4 a5 9. a3 Nc5 10. Nbd2 Ne8 11. Bxg7 Nxg7 12. b4 axb4 13. axb4 Rxa1 14. Qxa1 Na6 15. Rb1 Qd6 16. b5 Nc7 17. bxc6 bxc6 18. Qe5 Nge8 19. Qxd6 Nxd6 20. Rc1 Ne6 21. Ne5 Nd4 22. Kf1 Bb7 23. e3 N4f5 24. Ra1 Ra8 25. Rxa8+ Bxa8 26. Bh3 e6 27. c5 Nb7 28. Bxf5 gxf5 29. Nb3 Nd8 30. Na5 f6 31. Nd7 Kf7 32. Ke2 Bb7 33. Nb6 Ba6 34. Na4 e5 35. Kd2 Ne6 36. Nb3 Ke7 1/2-1/2

[Event "Kent Oliver mem"]
[Site "Winnipeg CAN"]
[Date "1999.01.10"]
[Round "5"]
[White "Gibbons, Michael"]
[Black "Kaptsan, Aron"]
[Result "1/2-1/2"]
[WhiteElo "2071"]
[BlackElo "2181"]
[PlyCount "109"]
[GameId "2160767911805856"]
[EventDate "1999.01.08"]
[EventType "swiss"]
[EventRounds "5"]
[EventCountry "CAN"]

1. Nf3 d5 2. b3 Nf6 3. e3 e6 4. Bb2 Be7 5. Ne5 O-O 6. f4 c5 7. d3 Nc6 8. Nxc6 bxc6 9. Nd2 Nd7 10. Be2 Bf6 11. Bxf6 Qxf6 12. O-O e5 13. fxe5 Qxe5 14. e4 Nf6 15. Bf3 Be6 16. Qe2 Rad8 17. a4 Rfe8 18. Rae1 Qc3 19. Rc1 Nd7 20. Qf2 Ne5 21. Nb1 Qd4 22. Qxd4 cxd4 23. Rce1 f5 24. exf5 Bxf5 25. Kh1 Nxf3 26. gxf3 Re3 27. Rxe3 dxe3 28. Nc3 Re8 29. Ne2 Re7 30. Re1 Kf7 31. Kg2 Ke8 32. Kg3 g5 33. f4 h6 34. fxg5 hxg5 35. Rf1 Bd7 36. d4 g4 37. b4 Kd8 38. c3 Kc7 39. Re1 Kb6 40. Nf4 a5 41. b5 Bf5 42. Ng2 e2 43. Nf4 Re3+ 44. Kh4 Rxc3 45. Rxe2 Be4 46. bxc6 Kxc6 47. Rd2 Bc2 48. Kxg4 Bxa4 49. h4 Bc2 50. h5 Kd6 51. h6 Be4 52. Ra2 Rc4 53. Rxa5 Rxd4 54. h7 Bxh7 55. Rxd5+ 1/2-1/2

[Event "Kent Oliver mem"]
[Site "Winnipeg CAN"]
[Date "1999.01.10"]
[Round "5"]
[White "Nikouline, Alexandre"]
[Black "Lauritson, Jim"]
[Result "0-1"]
[WhiteElo "2140"]
[BlackElo "2016"]
[PlyCount "76"]
[GameId "2160767911805857"]
[EventDate "1999.01.08"]
[EventType "swiss"]
[EventRounds "5"]
[EventCountry "CAN"]

1. e4 c5 2. Nf3 e6 3. d4 cxd4 4. Nxd4 Nc6 5. Be3 Nf6 6. Nc3 a6 7. Bd3 Qc7 8. f3 b5 9. Qd2 Na5 10. O-O Bb7 11. Qf2 Nc4 12. Bxc4 Qxc4 13. Nb3 Rc8 14. Bb6 Bb4 15. a3 Bxc3 16. bxc3 Qxc3 17. Nc5 Ba8 18. Nxa6 O-O 19. Nb4 e5 20. Rfd1 Bb7 21. Qf1 Qc4 22. Rd3 d5 23. exd5 Nxd5 24. Nxd5 Bxd5 25. Rad1 Be6 26. Qe1 Bf5 27. Rd8 Rfxd8 28. Rxd8+ Rxd8 29. Bxd8 Qd4+ 30. Kf1 Qxd8 31. Qxe5 Qd1+ 32. Kf2 Qxc2+ 33. Kg3 h6 34. Qxb5 Be6 35. a4 Bc4 36. Qb4 Bf1 37. Qb8+ Kh7 38. Qe8 Qxg2+ 0-1

[Event "Kent Oliver mem"]
[Site "Winnipeg CAN"]
[Date "1999.01.10"]
[Round "5"]
[White "Roque, Rodolfo"]
[Black "Gushuliak, Justin"]
[Result "0-1"]
[WhiteElo "1997"]
[BlackElo "2015"]
[PlyCount "98"]
[GameId "2160767911805858"]
[EventDate "1999.01.08"]
[EventType "swiss"]
[EventRounds "5"]
[EventCountry "CAN"]

1. f4 d5 2. e3 Nf6 3. Nf3 c6 4. b3 Bf5 5. Be2 e6 6. Bb2 Be7 7. O-O Nbd7 8. Nd4 O-O 9. Nxf5 exf5 10. Rf3 Ne4 11. d3 Bf6 12. c3 Nec5 13. Rh3 g6 14. Nd2 Re8 15. g4 fxg4 16. Rg3 h5 17. b4 Na6 18. a3 Bh4 19. c4 Bxg3 20. hxg3 Rxe3 21. Nf1 Re8 22. Qd2 f6 23. Kf2 Nf8 24. Ne3 d4 25. Nc2 c5 26. f5 Qd7 27. fxg6 Nxg6 28. bxc5 Qf5+ 29. Kg2 Nxc5 30. Rf1 Qg5 31. Qd1 Nb3 32. Nxd4 Nxd4 33. Bxd4 Ne5 34. Rf4 Re6 35. c5 Ng6 36. Rf2 Qd5+ 37. Kh2 Qxd4 38. Rf5 Rae8 39. Qb3 Kg7 40. Bf1 Re2+ 41. Bg2 Qb2 42. Qxb2 Rxb2 43. Kg1 Re1+ 44. Bf1 Ne7 45. Rf2 Rxf2 46. Kxf2 Rxf1+ 47. Kxf1 Kf7 48. Ke2 Nf5 49. Kf2 Ke6 0-1

[Event "Kent Oliver mem"]
[Site "Winnipeg CAN"]
[Date "1999.01.10"]
[Round "5"]
[White "Schulz, Manfred"]
[Black "Costales, Servillano"]
[Result "1-0"]
[WhiteElo "1957"]
[BlackElo "1759"]
[PlyCount "62"]
[GameId "2160767911805859"]
[EventDate "1999.01.08"]
[EventType "swiss"]
[EventRounds "5"]
[EventCountry "CAN"]

1. e4 e6 2. d4 d6 3. Nf3 g6 4. Nc3 Bg7 5. Bd3 Ne7 6. Be3 Nd7 7. Qd2 h6 8. O-O-O a6 9. Rhe1 b5 10. d5 e5 11. h3 Nf6 12. Nh2 g5 13. h4 Bd7 14. hxg5 hxg5 15. Nf3 g4 16. Ng1 Ng6 17. Bg5 Qc8 18. Nge2 Nh7 19. Rh1 b4 20. Nb1 a5 21. Rh2 a4 22. Be3 Qb7 23. Rdh1 Nf6 24. Rxh8+ Bxh8 25. Ng3 b3 26. a3 bxc2 27. Bxc2 c6 28. Nc3 c5 29. Nf5 Qc7 30. Bg5 Ng8 31. Bd1 f6 1-0

[Event "Kent Oliver mem"]
[Site "Winnipeg CAN"]
[Date "1999.01.10"]
[Round "5"]
[White "Schulz, Waldemar"]
[Black "Cleto, Sam"]
[Result "1/2-1/2"]
[WhiteElo "2085"]
[BlackElo "1992"]
[PlyCount "64"]
[GameId "2160767911805860"]
[EventDate "1999.01.08"]
[EventType "swiss"]
[EventRounds "5"]
[EventCountry "CAN"]

1. Nf3 c5 2. c4 Nc6 3. d4 cxd4 4. Nxd4 e5 5. Nxc6 bxc6 6. Nc3 Nf6 7. g3 Bb7 8. Bg2 Rb8 9. O-O c5 10. e4 Be7 11. Bg5 O-O 12. Qc2 Qb6 13. Rad1 Rfd8 14. b3 h6 15. Bc1 Ng4 16. Nd5 Bxd5 17. Rxd5 d6 18. f4 Nf6 19. Rd3 a5 20. Rfd1 Ne8 21. Qf2 Nc7 22. Be3 Ne6 23. fxe5 dxe5 24. Rd5 f6 25. Rxd8+ Rxd8 26. Rxd8+ Qxd8 27. Qd2 Nd4 28. Kf2 Qb6 29. Bf3 Kf8 30. Bd1 Bd8 31. Qc3 Qd6 32. Kg2 f5 1/2-1/2

[Event "Kingston op"]
[Site "Kingston CAN"]
[Date "1999.02.13"]
[Round "1"]
[White "Djerkovic, Miladin"]
[Black "Cohen, David"]
[Result "1-0"]
[WhiteElo "2339"]
[BlackElo "2043"]
[PlyCount "63"]
[GameId "2160767911805643"]
[EventDate "1999.02.13"]
[EventType "swiss"]
[EventRounds "5"]
[EventCountry "CAN"]

1. e4 c5 2. Nf3 d6 3. d4 cxd4 4. Nxd4 Nf6 5. Nc3 Nc6 6. Be2 e6 7. O-O Be7 8. Be3 O-O 9. f4 a6 10. Qe1 Qc7 11. Qg3 Rd8 12. Rae1 b5 13. a3 Bb7 14. Kh1 Rab8 15. Bd3 d5 16. exd5 Nxd5 17. Nxd5 Rxd5 18. Qh3 h6 19. Nxe6 Qd7 20. Ng5 Rxd3 21. cxd3 Qxd3 22. Nf3 Bf6 23. Bc1 Rd8 24. Rf2 Nd4 25. Rd2 Nxf3 26. Rxd3 Nxe1 27. Rxd8+ Bxd8 28. Qe3 Bxg2+ 29. Kg1 Bh4 30. Bd2 Nc2 31. Qe8+ Kh7 32. Kxg2 1-0

[Event "Kingston op"]
[Site "Kingston CAN"]
[Date "1999.02.13"]
[Round "2"]
[White "Cohen, David"]
[Black "Mitrovic, Bojana"]
[Result "1-0"]
[WhiteElo "2043"]
[BlackElo "1703"]
[PlyCount "69"]
[GameId "2160767911805644"]
[EventDate "1999.02.13"]
[EventType "swiss"]
[EventRounds "5"]
[EventCountry "CAN"]

1. d4 g6 2. e4 Bg7 3. Nf3 d6 4. Be3 Nf6 5. Nc3 O-O 6. Bd3 c6 7. Qd2 Ng4 8. Bg5 h6 9. Bh4 Qc7 10. h3 Nf6 11. O-O Nbd7 12. Rfe1 e5 13. Rad1 exd4 14. Nxd4 Re8 15. Bc4 b5 16. Bb3 b4 17. Na4 Rxe4 18. Rxe4 Nxe4 19. Qf4 Ndf6 20. Bxf6 Nxf6 21. Nxc6 Qxc6 22. Rxd6 Qc7 23. Rxf6 Qxf4 24. Rxf4 Bf5 25. Rxb4 Rd8 26. c3 Be5 27. Kf1 Be6 28. Bxe6 fxe6 29. Rb7 Rd1+ 30. Ke2 Ra1 31. a3 Rg1 32. g3 Rg2 33. Kf3 Rh2 34. h4 h5 35. Rxa7 1-0

[Event "Kingston op"]
[Site "Kingston CAN"]
[Date "1999.02.13"]
[Round "3"]
[White "Bond, Hal"]
[Black "Cohen, David"]
[Result "1/2-1/2"]
[WhiteElo "1980"]
[BlackElo "2043"]
[PlyCount "43"]
[GameId "2160767911805645"]
[EventDate "1999.02.13"]
[EventType "swiss"]
[EventRounds "5"]
[EventCountry "CAN"]

1. e4 c5 2. d4 cxd4 3. c3 dxc3 4. Nxc3 d6 5. Nf3 Nf6 6. Bc4 e6 7. Qe2 Be7 8. O-O O-O 9. Rd1 Qa5 10. Nb5 Nc6 11. Nxd6 Ne5 12. Nxe5 Qxe5 13. f4 Qc5+ 14. Be3 Qc7 15. e5 Bd7 16. Rac1 Bxd6 17. Rxd6 Ne8 18. Bxe6 Bc6 19. Rd7 Qa5 20. Rc5 Qb4 21. Rc4 Qb5 22. a4 1/2-1/2

[Event "Kingston op"]
[Site "Kingston CAN"]
[Date "1999.02.14"]
[Round "4"]
[White "Cohen, David"]
[Black "Allen, Graham"]
[Result "0-1"]
[WhiteElo "2043"]
[BlackElo "2216"]
[PlyCount "46"]
[GameId "2160767911805646"]
[EventDate "1999.02.13"]
[EventType "swiss"]
[EventRounds "5"]
[EventCountry "CAN"]

1. d4 Nf6 2. c4 g6 3. Nc3 Bg7 4. e4 d6 5. Nf3 O-O 6. Be2 e5 7. d5 a5 8. h3 Na6 9. Be3 Nd7 10. Qd2 f5 11. Bh6 Nf6 12. Bxg7 Kxg7 13. Bd3 Nc5 14. Qc2 Nxd3+ 15. Qxd3 fxe4 16. Nxe4 Bf5 17. Nfd2 Nxe4 18. Nxe4 Qh4 19. g4 Bxe4 20. Qxe4 Qxf2+ 21. Kd1 Rf4 22. Qe1 Rd4+ 23. Kc1 Rxc4+ 0-1

[Event "Kingston op"]
[Site "Kingston CAN"]
[Date "1999.02.14"]
[Round "5"]
[White "Cohen, David"]
[Black "Hutchison, Robert"]
[Result "1-0"]
[WhiteElo "2043"]
[BlackElo "1934"]
[PlyCount "137"]
[GameId "2160767911805647"]
[EventDate "1999.02.13"]
[EventType "swiss"]
[EventRounds "5"]
[EventCountry "CAN"]

1. d4 d5 2. c4 e6 3. Nc3 c5 4. cxd5 exd5 5. Nf3 Nc6 6. g3 Nf6 7. Bg2 Be7 8. O-O O-O 9. Bf4 a6 10. Rc1 Re8 11. Kh1 Bf8 12. Bg5 cxd4 13. Nxd4 Be6 14. Nxe6 fxe6 15. Qb3 Na5 16. Qa4 Nc4 17. Qc2 Rc8 18. Rfd1 Qb6 19. Bxf6 gxf6 20. Nxd5 exd5 21. Bxd5+ Kg7 22. Bxc4 Qxf2 23. Rf1 Qd4 24. Rf4 Qc5 25. Rg4+ Kh6 26. Rh4+ Kg5 27. Qd2+ Qe3 28. Qxe3+ Rxe3 29. Rd1 h6 30. Bd3 Rc5 31. Rf1 Be7 32. Kg2 h5 33. Rd4 a5 34. Rd7 b5 35. h4+ Kh6 36. Rxf6+ Kg7 37. Ra6 b4 38. Raa7 Rce5 39. Rab7 Kf6 40. Rb6+ Kg7 41. Rb5 a4 42. Rxe5 Rxe5 43. Rb7 Kf6 44. Rb6+ Kg7 45. Rb5 Bc5 46. Kf3 Kf6 47. e4 a3 48. bxa3 bxa3 49. Kf4 Bd4 50. Rxe5 Bxe5+ 51. Kf3 Bb2 52. Bb5 Kg6 53. Be8+ Kh6 54. Kf4 Bd4 55. e5 Bf2 56. e6 Bc5 57. Bf7 Bd6+ 58. Kf5 Be7 59. Ke5 Kg7 60. Bxh5 Kh6 61. Bf7 Kg7 62. Kf4 Kh6 63. h5 Bg5+ 64. Ke5 Be7 65. Kd5 Kg7 66. Kc6 Kf6 67. Kd7 Bb4 68. h6 Bc5 69. h7 1-0